| 000 | 00519nam a22001817a 4500 | ||
|---|---|---|---|
| 005 | 20250227125743.0 | ||
| 008 | 250227b ||||| |||| 00| 0 spa d | ||
| 020 | _a959-224-111-2 | ||
| 082 | 1 | 4 |
_214 _a972.91 |
| 100 | 1 |
_aRodríguez La O, Raúl _921310 |
|
| 245 | 1 | 0 |
_aCuba en mi corazón / _cRaúl Rodríguez La O |
| 260 |
_aLa Habana: _bVerde Olivo, _c2000 |
||
| 300 | _a198 p. | ||
| 650 | 2 | 7 |
_aHISTORIA _9600 _2unescot |
| 651 | 1 | 7 |
_aCUBA _93092 _2unescot |
| 942 |
_2ddc _cLIBRO |
||
| 980 |
_819226 _g Palazón Marcela I. _619226 _a Palazón Marcela I. |
||
| 999 |
_c10774 _d10774 |
||